000
00217nam a22000857a 4500
008
161108b xxu||||| |||| 00| 0 eng d
100
_9
1092
_a
Razeghpanah. v
245
_a
Mir Space Station
260
_a
New Delhi
_b
N B T
_c
2004
999
_c
3752
_d
3752